00772nam a2200205 a 450000100100000000500170001000800410002702000150006804000250008308200160010810000260012424500870015026000960023730000280033350000340036150400280039504900090042395201190043299900150055100000536320200929151644.0090819s19uu sp a 000 0 spa d a8477823170 aDO-SdBNPbspacBNPHU axxxxbS467i1 aSelles, Manuel91520910aInstrumentos de navegación :bdel Mediterráneo al Pacífico /cManuel Selles. aMadrid, España :bMinisterio de Obras Públicas, Transportes y Medio Ambiente,c[19--?]. a145 p. :bil. ;c34 cm. aIncluye índice alfabético aBibliografía : p. 143 aBNPD 001054708MOaGRbGRcHDd2009-08-19iLF1l0oxxxx S467ip5363-10r2020-06-25w2020-06-25y4ZPréstamo en sala c5163d5163